Eponymous Capitals - Statistics

General Stats
  • This quiz has been taken 25 times
    15 since last reset
  • The average score is 9 of 14
Answer Stats
Answer % Correct
Mexico City
85%
Guatemala City
77%
Luxembourg
77%
Monaco
77%
Panama City
77%
Vatican City
77%
Andorra la Vella
69%
San Marino
69%
Kuwait City
62%
São Tomé
54%
Singapore
54%
Tunis
38%
Djibouti
31%
Bissau
8%
No matching quizzes found
Score Distribution
Percent of People with Each Score
Percentile by Number Answered
Your Score History
You have not taken this quiz since the last reset